| 000 | 01014cam a2200265 4500 | ||
|---|---|---|---|
| 001 | 33073 | ||
| 003 | BD-RjUL | ||
| 005 | 20211209051936.0 | ||
| 008 | 140430s1967 1966 nyu b 100 0 eng | ||
| 035 | _a(BD-RjUL)33164 | ||
| 040 |
_aDLC _cDLC _dBD-RjUL _beng |
||
| 041 | _aeng | ||
| 082 | 0 | 0 |
_a300 _bCON 1967 |
| 245 | 1 | 0 |
_aConcepts, theory, and explanation in the behavioral sciences / _cedited and with introductions by Gordon J. DiRenzo. |
| 260 |
_aNew York : _bRandom House , _c1966 [Printed 1967] |
||
| 300 |
_axii, 302 p. ; _c22 cm. |
||
| 500 | _a"Edited proceedings of a symposium held at Fairfield University in April, 1964, under the auspices of the Social Psychology Laboratory of the Department of Sociology." | ||
| 504 | _aIncludes bibliographies. | ||
| 650 | 0 |
_aSocial sciences. _9100505 |
|
| 650 | 0 |
_aBehaviour Science _9170485 |
|
| 700 |
_aDiRenzo, Gordon J., _9100506 |
||
| 710 | 2 |
_aFairfield University. _bSocial Psychology Laboratory. _9100507 |
|
| 942 |
_2ddc _cBK |
||
| 999 |
_c33073 _d33073 |
||